01403nam a2200373 i 450000100060000000300080000600500170001400600190003100700150005000800410006502000180010602000270012403500220015104000310017305000230020408000140022708200170024110000300025824500810028826400500036930000420041933600290046133700330049033800390052358800830056259001620064565000280080765000330083565500270086870000360089579700180093185600630094999900170101224884FINmELB20241216215758.0m o u cr cn|||||||||210730s2020 mx o 000 0 spa d z9786076294635 a9786076295489 (e-book) a(OCoLC)1269023864 aFINmELBbspaerdacFINmELB14aKGF1059bP944 2020 a347.7(72)04a346.72072231 aPérez Chávez, José.10aProntuario Mercantil 2020 /cJosé Pérez Chávez, Raymundo Fol Olguín. 1aMéxico, D.F. :bTax Editores Unidos,c2020. a1 recurso en línea (1903 páginas) atextobtxt2rdamedia/spa acomputadorabc2rdamedia/spa arecurso en línea2rdacarrier/spa aDescripción basada en metadatos suministrados por el editor y otras fuentes. aRecurso electrónico. Santa Fe, Arg.: elibro, 2021. Disponible vía World Wide Web. El acceso puede estar limitado para las bibliotecas afiliadas a elibro. 0aCommercial lawzMexico. 4aDerecho mercantilzMéxico. 4aLibros electrónicos.1 aFol Olguín, Raymundo,eautor.2 aelibro, Corp.40uhttps://elibro.net/ereader/politecnicointernacional/128228 c24884d24884